[Event "FRA-ch"]
[Site "?"]
[Date "1994.??.??"]
[Round "?"]
[White "Vareille, Francois"]
[Black "Bauer, Christian"]
[Result "1-0"]
[WhiteElo "2430"]
[BlackElo "2420"]
[PlyCount "93"]
[EventDate "1994.08.??"]
[Source "ChessBase"]
[SourceDate "1996.11.15"]

1. d4 e6 2. c4 b6 3. a3 Bb7 4. Nc3 Nf6 5. d5 exd5 6. cxd5 Bd6 7. g3 O-O 8. Bg2
Be5 9. Nh3 c5 10. O-O Re8 11. Re1 d6 12. e4 Bxc3 13. bxc3 Nbd7 14. f4 Ba6 15.
g4 g6 16. g5 Nh5 17. Bf3 Ng7 18. Nf2 Bc4 19. Be2 Bxe2 20. Qxe2 f6 21. h4 Qe7
22. c4 Nf5 23. Bb2 h5 24. gxf6 Nxf6 25. Qd3 Nxh4 26. Qg3 Nh7 27. Qc3 Qf6 28.
Qxf6 Nxf6 29. Bxf6 Nf3+ 30. Kg2 Nxe1+ 31. Rxe1 Rab8 32. a4 a6 33. Rb1 b5 34.
axb5 axb5 35. cxb5 c4 36. Kf3 Rec8 37. Nd1 Kf7 38. Bd4 g5 39. fxg5 Kg6 40. Bf6
Rb7 41. Ke3 h4 42. Kd4 h3 43. Rb2 Kh5 44. Ne3 c3 45. Rh2 Rxb5 46. Rxh3+ Kg6 47.
Nf5 1-0

[Event "FRA-ch"]
[Site "?"]
[Date "1994.??.??"]
[Round "?"]
[White "Vareille, Francois"]
[Black "Bricard, Emmanuel"]
[Result "1/2-1/2"]
[WhiteElo "2430"]
[BlackElo "2455"]
[PlyCount "39"]
[EventDate "1994.08.??"]
[Source "ChessBase"]
[SourceDate "1996.11.15"]

1. d4 d5 2. c4 e6 3. Nc3 Nf6 4. cxd5 Nxd5 5. e4 Nxc3 6. bxc3 c5 7. Rb1 Be7 8.
Nf3 O-O 9. Bd3 Nc6 10. d5 exd5 11. exd5 Na5 12. c4 Bg4 13. Bd2 Bd6 14. O-O b6
15. Bxa5 bxa5 16. h3 Bxf3 17. Qxf3 Rb8 18. Rxb8 Qxb8 19. Rb1 Qc7 20. g3 1/2-1/2

[Event "FRA-ch"]
[Site "?"]
[Date "1994.??.??"]
[Round "?"]
[White "Vareille, Francois"]
[Black "Hauchard, Arnaud"]
[Result "1/2-1/2"]
[WhiteElo "2430"]
[BlackElo "2470"]
[PlyCount "71"]
[EventDate "1994.08.??"]
[Source "ChessBase"]
[SourceDate "1996.11.15"]

1. d4 Nf6 2. c4 c5 3. d5 b5 4. cxb5 a6 5. f3 d6 6. e4 g6 7. Na3 Bg7 8. Ne2 O-O
9. Nc3 Nbd7 10. Be2 Ne8 11. O-O Nc7 12. Bg5 Nb6 13. Qd2 Qd7 14. Bh6 Bd4+ 15.
Kh1 Re8 16. Nc2 Bh8 17. a4 axb5 18. axb5 Bb7 19. Ne3 e6 20. Nc4 Nxc4 21. Bxc4
exd5 22. exd5 Rxa1 23. Rxa1 Na8 24. Re1 Nb6 25. b3 Re5 26. Rxe5 Bxe5 27. Na4
Nc8 28. Qe2 Bf6 29. Bd2 Ne7 30. Bc3 Qf5 31. g4 Qf4 32. Bd2 Qd4 33. Bc3 Qf4 34.
Bd2 Qd4 35. Bc3 Qf4 36. Bd2 1/2-1/2

[Event "FRA-ch"]
[Site "?"]
[Date "1994.??.??"]
[Round "?"]
[White "Vareille, Francois"]
[Black "Koch, Jean Rene"]
[Result "0-1"]
[WhiteElo "2430"]
[BlackElo "2475"]
[PlyCount "62"]
[EventDate "1994.08.??"]
[Source "ChessBase"]
[SourceDate "1996.11.15"]

1. d4 Nf6 2. c4 c5 3. d5 b5 4. cxb5 a6 5. f3 e6 6. e4 exd5 7. exd5 Bd6 8. Nc3
O-O 9. Bc4 Nh5 10. g3 Be5 11. Nge2 d6 12. a4 Nd7 13. Ra3 Nb6 14. Ba2 axb5 15.
Nxb5 Ba6 16. f4 Bf6 17. Nbc3 Bxc3+ 18. Nxc3 Nf6 19. Kf2 Qd7 20. Qf3 Rfe8 21. h3
Re7 22. g4 Rae8 23. Bb1 Bb7 24. Rd1 Nfxd5 25. Qd3 g6 26. a5 Nxc3 27. bxc3 Qc6
28. Rg1 Nc4 29. Ra2 Re3 30. Qd1 Rf3+ 31. Kg2 Rd3+ 0-1

[Event "FRA-ch"]
[Site "?"]
[Date "1994.??.??"]
[Round "?"]
[White "Vareille, Francois"]
[Black "Santo Roman, Marc"]
[Result "1/2-1/2"]
[WhiteElo "2430"]
[BlackElo "2420"]
[PlyCount "36"]
[EventDate "1994.08.??"]
[Source "ChessBase"]
[SourceDate "1996.11.15"]

1. d4 f5 2. Nc3 Nf6 3. Bg5 d5 4. Bxf6 exf6 5. e3 Be6 6. Qf3 Qd7 7. Nge2 Nc6 8.
Nf4 Bb4 9. Kd2 Ne7 10. a3 Bxc3+ 11. Kxc3 Nc8 12. Kb3 Nd6 13. Ka2 Bf7 14. Rd1 h5
15. h4 O-O-O 16. Bd3 Kb8 17. b3 c6 18. Qe2 Ne4 1/2-1/2

[Event "FRA-ch"]
[Site "?"]
[Date "1994.??.??"]
[Round "?"]
[White "Vareille, Francois"]
[Black "Seret, Jean Luc"]
[Result "1/2-1/2"]
[WhiteElo "2430"]
[BlackElo "2425"]
[PlyCount "67"]
[EventDate "1994.08.??"]
[Source "ChessBase"]
[SourceDate "1996.11.15"]

1. d4 d6 2. Nf3 g6 3. c4 Bg7 4. Nc3 e5 5. g3 Ne7 6. Bg2 Nd7 7. e4 O-O 8. h3
exd4 9. Nxd4 Ne5 10. b3 f5 11. exf5 Nxf5 12. Nxf5 Bxf5 13. O-O Bxh3 14. Bxh3
Nf3+ 15. Kg2 Bxc3 16. Bh6 Bg7 17. Be6+ Kh8 18. Bxg7+ Kxg7 19. Bd5 Ne5 20. Bxb7
Rb8 21. Be4 h5 22. Qd4 c5 23. Qd2 Qf6 24. Rad1 Rbd8 25. Qc2 Nf3 26. Rd3 Nd4 27.
Qd2 Rde8 28. Re1 Re5 29. Rde3 Rxe4 30. Rxe4 Qf3+ 31. Kh3 Qf5+ 32. Kg2 Qf3+ 33.
Kh3 Qf5+ 34. Kg2 1/2-1/2

[Event "FRA-ch"]
[Site "?"]
[Date "1994.??.??"]
[Round "?"]
[White "Vareille, Francois"]
[Black "Sharif, Mershad"]
[Result "1/2-1/2"]
[WhiteElo "2430"]
[BlackElo "2455"]
[PlyCount "31"]
[EventDate "1994.08.??"]
[Source "ChessBase"]
[SourceDate "1996.11.15"]

1. d4 Nf6 2. c4 e6 3. Nc3 Bb4 4. e3 O-O 5. Nge2 d5 6. a3 Bd6 7. c5 Be7 8. b4 b6
9. Ng3 a5 10. Bd2 e5 11. dxe5 Ng4 12. cxb6 cxb6 13. bxa5 d4 14. exd4 Qxd4 15.
Nce4 bxa5 16. Bc3 1/2-1/2

[Event "FRA-ch plof"]
[Site "?"]
[Date "1994.??.??"]
[Round "1"]
[White "Apicella, Manuel"]
[Black "Santo Roman, Marc"]
[Result "1/2-1/2"]
[WhiteElo "2465"]
[BlackElo "2420"]
[PlyCount "108"]
[EventDate "1994.08.??"]
[Source "ChessBase"]
[SourceDate "1996.11.15"]

1. e4 Nf6 2. e5 Nd5 3. d4 d6 4. Nf3 g6 5. Be2 Bg7 6. c4 Nb6 7. exd6 cxd6 8. h3
O-O 9. O-O Nc6 10. Nc3 Bf5 11. Be3 d5 12. c5 Nc4 13. Bc1 b6 14. g4 Bc8 15. cxb6
Nxb6 16. Bf4 e6 17. Rc1 Bb7 18. Nb5 Qd7 19. Nd6 Nc4 20. Nxb7 Qxb7 21. b3 Nb6
22. Qd2 Rfc8 23. Bd6 Nd7 24. b4 Qb6 25. Bc5 Nxc5 26. bxc5 Qb4 27. Qxb4 Nxb4 28.
a4 a5 29. Bb5 Rc7 30. Rfe1 Rd8 31. g5 h6 32. h4 hxg5 33. hxg5 Bf8 34. Ne5 Be7
35. f4 Kg7 36. Kg2 Rh8 37. Rh1 Rxh1 38. Rxh1 Rc8 39. Rc1 Bd8 40. Kg3 Bc7 41.
Ng4 Bd8 42. c6 Rc7 43. Ne5 Be7 44. Nd7 Bd6 45. Nf6 Rc8 46. c7 Kf8 47. Rh1 Ke7
48. Bd7 Rxc7 49. Rh8 Rc3+ 50. Kg4 Bc7 51. Bb5 Nd3 52. Bxd3 Rxd3 53. Rc8 Bb6 54.
Rb8 Bxd4 1/2-1/2

[Event "FRA-ch plof"]
[Site "?"]
[Date "1994.??.??"]
[Round "2"]
[White "Santo Roman, Marc"]
[Black "Apicella, Manuel"]
[Result "1/2-1/2"]
[WhiteElo "2420"]
[BlackElo "2465"]
[PlyCount "114"]
[EventDate "1994.08.??"]
[Source "ChessBase"]
[SourceDate "1996.11.15"]

1. f4 g6 2. Nf3 Bg7 3. g3 c5 4. Bg2 Nc6 5. O-O e6 6. e4 d6 7. d3 Nge7 8. c3 O-O
9. Be3 b6 10. Kh1 Bb7 11. Na3 Rc8 12. Qd2 Qd7 13. Rad1 Rfd8 14. Rfe1 d5 15. Bg1
d4 16. c4 Nb4 17. b3 a6 18. g4 Re8 19. Qf2 Qc7 20. Nh4 Kh8 21. Nb1 Ng8 22. a3
Nc6 23. h3 b5 24. Bh2 bxc4 25. bxc4 Rf8 26. Rf1 Nce7 27. f5 Be5 28. Bxe5+ Qxe5
29. Nd2 exf5 30. gxf5 g5 31. Nhf3 Qf4 32. Nh2 Qxf2 33. Rxf2 f6 34. Rb1 Rb8 35.
Nb3 Ba8 36. Rfb2 Rbc8 37. Na5 Nc6 38. Nxc6 Rxc6 39. Rb8 Rcc8 40. R8b6 a5 41.
Ra6 Rb8 42. Rbb6 Rxb6 43. Rxb6 Ne7 44. Bf3 Nc6 45. Be2 Ne5 46. Ng4 Nxg4 47.
hxg4 Kg7 48. Kg2 Kf7 49. Bd1 Ke7 50. Ba4 Rh8 51. Bc6 Bxc6 52. Rxc6 Rb8 53. Rxc5
Rb2+ 54. Kf3 Rd2 55. Rxa5 Rxd3+ 56. Kf2 Rc3 57. c5 Kd7 1/2-1/2